| 000 | 00449 a2200145 4500 | ||
|---|---|---|---|
| 020 | _a 9694742153 | ||
| 082 | _a307.15491 | ||
| 090 |
_c3186 _d3186 |
||
| 100 | _aKambow, Allah Rakha Saghir | ||
| 245 |
_aPakistan main tarqqiyati mansubah bandi _cAllah Rakha Saghir, Kambow. |
||
| 260 |
_aIslamabad: _bMuqtedara Qomi Zuban, _c1998. |
||
| 300 |
_a344 p. ; _c 24 cm. |
||
| 500 | _aIncludes bibliographical references and index | ||
| 942 |
_cBK _k307.15491 KAM |
||
| 999 |
_c7101 _d7101 |
||